000 01105nam0a22002531 4500
001 rc\715442
005 20250621223943.0
035 _a(NLR Aleph) 005958950
090 _a6832357
_c6832357
100 _a20031121d1995 |||y0rusy50 ca
101 0 _arus
102 _aRU
105 _ay |||||||||
200 1 _aАнализ и моделирование структурных изменений при переходе к рыночной экономике
_eПрепр. докл. на заседании Учен. совета Отд. экономики Карел. науч. центра РАН
_fП.В. Дружинин
_gРос. акад. наук Карел. науч. центр. Отд. экономики
210 _aПетрозаводск
_cКарел. науч. центр РАН
_d1995
215 _a19 с.
_d20
300 _aРез. на англ. яз.
320 _aБиблиогр.: с. 17-18
700 1 _aДружинин
_bП.В.
_gПавел Васильевич
801 0 _aRU
_bNLR
_gpsbo
801 1 _aRU
_bELAR
_2rusmarc
852 _aNLR
_j97-4/11834
942 _cBOOK
980 _aNB